MARC

LEADER 00000nam0a2200000 4500
001 303995
005 20231102001646.0
035 |a (RuTPU)RU\TPU\book\329230 
090 |a 303995 
100 |a 20150908d1983 km y0rusy50 ca 
101 0 |a rus 
102 |a UA 
105 |a a z 001zy 
200 1 |a Социальное управление и АСУ  |f Академия наук Украинской ССР (АН УССР), Институт философии ; под ред. К. К. Грищенко, Сакады 
210 |a Киев  |c Наукова думка  |d 1983 
215 |a 240 с.  |c ил. 
320 |a Библиография в ссылках. 
606 1 |a Промышленные предприятия  |x Социологические исследования  |2 stltpush  |3 (RuTPU)RU\TPU\subj\52577  |9 70989 
610 1 |a АСУ 
610 1 |a социальное управление 
610 1 |a труд 
610 1 |a изменения 
610 1 |a социальная ответственность 
610 1 |a социальная информация 
610 1 |a психологические аспекты 
610 1 |a компьютеризация 
686 |a С55.422  |v LBC/SL-A  |2 rubbk 
702 1 |a Грищенко  |b К. К.  |4 340 
702 1 |a Сакада  |b Н. А.  |4 340 
712 0 2 |a Академия наук Украинской ССР (АН УССР)  |b Институт философии  |2 stltpush  |3 (RuTPU)RU\TPU\col\12865 
801 1 |a RU  |b 63413507  |c 20150908 
801 2 |a RU  |b 63413507  |c 20190419  |g RCR 
942 |c BK